| 000 | 00561nam a2200205Ia 4500 | ||
|---|---|---|---|
| 005 | 20260429112217.0 | ||
| 008 | 260429s9999||||xx |||||||||||||| ||und|| | ||
| 020 | _a9789393585073 | ||
| 041 | _aEnglish | ||
| 082 |
_a324.730954 _bSIN |
||
| 100 | _aSingh, Vikash | ||
| 245 | 0 |
_aElection campaigns and TV media / _cVikash Singh |
|
| 250 | _a1st ed. | ||
| 260 |
_aNew Delhi : _bRights Publications, _c2023. |
||
| 300 | _avi, 213 p.; hb | ||
| 650 | _a Media: Election: India | ||
| 650 | _a Political campaigns | ||
| 650 | _aPolitical science | ||
| 942 | _cTB | ||
| 999 |
_c52917 _d52917 |
||